Festivals & folk theatre of Odisha / (Record no. 140610)

MARC details
000 -LEADER
fixed length control field 00597nam a22001937a 4500
005 - DATE AND TIME OF LATEST TRANSACTION
control field 20181126142024.0
010 ## - LCCN (DPL NO)
LC control number ENG-118470
020 ## - INTERNATIONAL STANDARD BOOK NUMBER
International Standard Book Number 9788182903692
Terms of availability 479.00
035 ## - SYSTEM CONTROL NUMBER
System control number EN-102002
037 ## - SOURCE OF ACQUISITION
Source of stock number/acquisition DBAD/PUB
082 ## - DEWEY DECIMAL CLASSIFICATION NUMBER
Classification number 780.954
100 ## - MAIN ENTRY--PERSONAL NAME
Personal name Satapathy,Manmath Kumar
245 ## - TITLE STATEMENT
Title Festivals & folk theatre of Odisha /
Statement of responsibility, etc byManmath Kumar Satapathy
260 ## - PUBLICATION, DISTRIBUTION, ETC. (IMPRINT)
Place of publication, distribution, etc Gurgaon
Name of publisher, distributor, etc Shubhi Publications
Date of publication, distribution, etc 2016
270 ## - ADDRESS
Address 479 Sector-14
City Gurgaon
Postal code 122001
300 ## - PHYSICAL DESCRIPTION
Extent 230p. :
Dimensions 23cm(Hb)
Other physical details ill.
500 ## - GENERAL NOTE
General note Includes bibliographical references
942 ## - ADDED ENTRY ELEMENTS (KOHA)
Source of classification or shelving scheme Dewey Decimal Classification
Item type English Books
Call number suffix SAT
Classification part 780.0954
Holdings
Withdrawn status Lost status Not for loan Collection code Home library Current library Date acquired Source of acquisition Cost, normal purchase price Full call number Barcode Copy number Cost, replacement price Koha item type
      Non-fiction Central Jail Tihar Central Jail Tihar 31/05/2017 DBAD/PUB 995.00 780.0954 SAT EN-102002 1 995.00 English Books

© Delhi Public Library
Hit Counter
free hit counter